Murder (Record no. 34675)

MARC details
000 -LEADER
fixed length control field 02188ngm a2200409 4500
003 - CONTROL NUMBER IDENTIFIER
control field dpl
005 - DATE AND TIME OF LATEST TRANSACTION
control field 20100315132412.0
007 - PHYSICAL DESCRIPTION FIXED FIELD--GENERAL INFORMATION
fixed length control field DVD
008 - FIXED-LENGTH DATA ELEMENTS--GENERAL INFORMATION
fixed length control field ||||||sp199 xxu|||||c ||| 00| 0 ng d
010 ## - LIBRARY OF CONGRESS CONTROL NUMBER
LC control number DVD-006701-6705
024 ## - OTHER STANDARD IDENTIFIER
Terms of availability 45.00
Standard number or code SHE 813 F2
035 ## - SYSTEM CONTROL NUMBER
System control number DVD-006701-6705
040 ## - CATALOGING SOURCE
Original cataloging agency DPL
Transcribing agency DPL
082 ## - DEWEY DECIMAL CLASSIFICATION NUMBER
Classification number DVD MURD
245 ## - TITLE STATEMENT
Title Murder
Statement of responsibility, etc Mahesh Bhatt Presents
Medium [videorecording] VCD/
260 ## - PUBLICATION, DISTRIBUTION, ETC. (IMPRINT)
Name of publisher, distributor, etc Shemaroo Home Entertainment
300 ## - PHYSICAL DESCRIPTION
Extent 2 videodisc VCD;
Other physical details sd., col. ;
Dimensions 4 3/4 in.
Type of unit VCD
440 ## - SERIES STATEMENT/ADDED ENTRY--TITLE
Title Shemaroo Home Entertainment
500 ## - GENERAL NOTE
General note Mastered From The Original Film
500 ## - GENERAL NOTE
General note This Title in Completed with 2 Disc. Not to be sold individually.
538 ## - SYSTEM DETAILS NOTE
System details note Dolby Digital 5.1 - Hindi Subtitles: English
538 ## - SYSTEM DETAILS NOTE
System details note NTSC Format-All Regions, 16x9 Anamorphic (2:23.1 Aspect Ratio), Dual Layer
650 ## - SUBJECT ADDED ENTRY--TOPICAL TERM
Topical term or geographic name as entry element Motion Picture
700 ## - ADDED ENTRY--PERSONAL NAME
Personal name Bhatt, Mahesh
700 ## - ADDED ENTRY--PERSONAL NAME
Personal name Bhatt, Mukesh
700 ## - ADDED ENTRY--PERSONAL NAME
Personal name Basu, Anurag
700 ## - ADDED ENTRY--PERSONAL NAME
Personal name Sherawat, Malika
700 ## - ADDED ENTRY--PERSONAL NAME
Personal name Patel, Ashmit
700 ## - ADDED ENTRY--PERSONAL NAME
Personal name Hashmi, Emraan
942 ## - ADDED ENTRY ELEMENTS (KOHA)
Koha item type CD-ROMs, DVDs, VHS
Source of classification or shelving scheme Dewey Decimal Classification
Classification part DVD
Call number suffix MURD
Holdings
Withdrawn status Lost status Source of classification or shelving scheme Damaged status Not for loan Home library Current library Date acquired Source of acquisition Cost, normal purchase price Total Checkouts Full call number Barcode Date last seen Date checked out Copy number Cost, replacement price Price effective from Koha item type
    Dewey Decimal Classification     Central Library Central Library 15/03/2010 Pioneers/1099/25-12-09/325/13-10-09 /30-12-09 45.00 8 DVD MURD DVD-006701 07/05/2014 05/05/2014 1 149.00 15/03/2010 CD-ROMs, DVDs, VHS
    Dewey Decimal Classification     Karol Bagh Karol Bagh 15/03/2010 Pioneers/1099/25-12-09/325/13-10-09 /30-12-09 45.00 3 DVD MURD DVD-006703 14/02/2011 08/02/2011 1 149.00 15/03/2010 CD-ROMs, DVDs, VHS
    Dewey Decimal Classification     Narela Narela 15/03/2010 Pioneers/1099/25-12-09/325/13-10-09 /30-12-09 45.00 5 DVD MURD DVD-006704 14/11/2011 09/11/2011 1 149.00 15/03/2010 CD-ROMs, DVDs, VHS
    Dewey Decimal Classification     Patel Nagar Patel Nagar 15/03/2010 Pioneers/1099/25-12-09/325/13-10-09 /30-12-09 45.00 10 DVD MURD DVD-006702 05/01/2013 18/12/2012 1 149.00 15/03/2010 CD-ROMs, DVDs, VHS
    Dewey Decimal Classification     Shahdara Branch Shahdara Branch 15/03/2010 Pioneers/1099/25-12-09/325/13-10-09 /30-12-09 45.00   DVD MURD DVD-006705 15/03/2010   1 149.00 15/03/2010 CD-ROMs, DVDs, VHS

© Delhi Public Library
Hit Counter
free hit counter